| 000 | 00592nam a2200217 a 4500 | ||
|---|---|---|---|
| 999 |
_c5524 _d5524 |
||
| 001 | 5524 | ||
| 003 | BD-JhCC | ||
| 005 | 20210316134020.0 | ||
| 008 | 171217b2014 bg a|||| ||a| 000 0 ben d | ||
| 035 | _a(BD-JhCC)5524 | ||
| 040 |
_aBD-JhCC _dBD-JhCC |
||
| 041 | _aben | ||
| 082 |
_a570 _bRAH 2014 |
||
| 100 | _aRahman, Md Atiqur | ||
| 245 |
_aA text book of Biology First Paper Eleven-Twelve Class / _cMd Atiqur Rahman |
||
| 260 |
_aDhaka : _bSaju Printing Press & Punlications, _c2014. |
||
| 300 |
_a406 p. : _c22 cm. _billu, |
||
| 650 | _aBiology | ||
| 942 |
_2ddc _cBK _01 |
||